Pharmaceutical care practice: (Record no. 19490)
[ view plain ]
| 000 -LEADER | |
|---|---|
| fixed length control field | 00663nam a22002057a 4500 |
| 008 - FIXED-LENGTH DATA ELEMENTS--GENERAL INFORMATION | |
| fixed length control field | 220916b |||||||| |||| 00| 0 eng d |
| 020 ## - INTERNATIONAL STANDARD BOOK NUMBER | |
| International Standard Book Number | 0071756389 |
| 050 ## - LIBRARY OF CONGRESS CALL NUMBER | |
| Classification number | RS125 |
| Item number | .C57 2012 C.1 |
| 100 ## - MAIN ENTRY--PERSONAL NAME | |
| Personal name | Cipolle, Robert J. |
| 245 ## - TITLE STATEMENT | |
| Title | Pharmaceutical care practice: |
| Remainder of title | The patient- centered approach to medication management services/ |
| Statement of responsibility, etc. | Robert J. Cipolle, Linda M. Strand & Peter C. Morley |
| 250 ## - EDITION STATEMENT | |
| Edition statement | 3rd ed. |
| 260 ## - PUBLICATION, DISTRIBUTION, ETC. (IMPRINT) | |
| Place of publication, distribution, etc. | New York |
| Name of publisher, distributor, etc. | McGraw Hill |
| Date of publication, distribution, etc. | 2012 |
| 300 ## - PHYSICAL DESCRIPTION | |
| Extent | xxvii,697p. |
| 650 ## - SUBJECT ADDED ENTRY--TOPICAL TERM | |
| Topical term or geographic name as entry element | Pharmaceutical service |
| 650 ## - SUBJECT ADDED ENTRY--TOPICAL TERM | |
| Topical term or geographic name as entry element | Professional practice |
| 650 ## - SUBJECT ADDED ENTRY--TOPICAL TERM | |
| Topical term or geographic name as entry element | Drug therapy |
| 700 ## - ADDED ENTRY--PERSONAL NAME | |
| Personal name | Strand, Linda M. |
| 700 ## - ADDED ENTRY--PERSONAL NAME | |
| Personal name | Morley, Peter |
| 942 ## - ADDED ENTRY ELEMENTS (KOHA) | |
| Source of classification or shelving scheme | Library of Congress Classification |
| Koha item type | General Collection |
| Withdrawn status | Lost status | Source of classification or shelving scheme | Not for loan | Home library | Current library | Date acquired | Cost, normal purchase price | Inventory number | Total Checkouts | Full call number | Barcode | Date last seen | Copy number | Price effective from | Koha item type |
|---|---|---|---|---|---|---|---|---|---|---|---|---|---|---|---|
| Library of Congress Classification | Kabarak, Main Campus | Kabarak, Main Campus | 16/09/2022 | 9833.00 | 1050/2022 | RS125 .C57 2012 C.1 | 032597 | 16/09/2022 | C.1 | 16/09/2022 | General Collection |